LEADER 01441nam 2200445 450 001 9910709651803321 005 20180604074557.0 035 $a(CKB)5470000002471718 035 $a(OCoLC)1038515071 035 $a(EXLCZ)995470000002471718 100 $a20180604j198507 ua 0 101 0 $aeng 135 $aur||||||||||| 181 $ctxt$2rdacontent 182 $cc$2rdamedia 183 $acr$2rdacarrier 200 10$aModal forced vibration analysis of aerodynamically excited turbosystems /$fV. Elchuri 210 1$aCleveland, OH :$cNational Aeronautics and Space Administration, Lewis Research Center,$dJuly 1985. 215 $a1 online resource (x, 120 pages) $cillustrations 225 1 $aNASA/CR ;$v174966 300 $a"July 1985." 320 $aIncludes bibliographical references (pages 116-117). 606 $aForced vibration$2nasat 606 $aAerodynamic forces$2nasat 606 $aCyclic loads$2nasat 606 $aVibration tests$2nasat 606 $aNASTRAN$2nasat 615 7$aForced vibration. 615 7$aAerodynamic forces. 615 7$aCyclic loads. 615 7$aVibration tests. 615 7$aNASTRAN. 700 $aElchuri$b V.$01405810 712 02$aLewis Research Center, 801 0$bGPO 801 1$bGPO 906 $aBOOK 912 $a9910709651803321 996 $aModal forced vibration analysis of aerodynamically excited turbosystems$93505227 997 $aUNINA LEADER 02594oas 2201081 a 450 001 9910763997803321 005 20251106213014.0 011 $a1473-5849 035 $a(DE-599)ZDB1500025-4 035 $a(DE-599)1500025-4 035 $a(OCoLC)37662608 035 $a(CONSER) 2011250990 035 $a(CKB)954925576025 035 $a(EXLCZ)99954925576025 100 $a19970922a19899999 sy a 101 0 $aeng 135 $aurmnu|||||||| 181 $ctxt$2rdacontent 182 $cc$2rdamedia 183 $acr$2rdacarrier 200 00$aBehavioural pharmacology 210 $aLondon $cClinical Neuroscience Publishers 210 2 $a[Oxford, England] $cRapid Science Publishers 210 3 $a[London] $cLippincott Williams & Wilkins 215 $a1 online resource 300 $aRefereed/Peer-reviewed 311 08$a0955-8810 531 0 $aBehav. pharmacol. 606 $aPsychopharmacology$vPeriodicals 606 $aNervous System$xdrug effects 606 $aBehavior$xdrug effects 606 $aPsychopharmacologie$vPe?riodiques 606 $aPsychopharmacology$2fast$3(OCoLC)fst01081659 608 $aPeriodical. 608 $aperiodicals.$2aat 608 $aPeriodicals.$2fast 608 $aPeriodicals.$2lcgft 608 $aPe?riodiques.$2rvmgf 615 0$aPsychopharmacology 615 2$aNervous System$xdrug effects 615 2$aBehavior$xdrug effects. 615 6$aPsychopharmacologie 615 7$aPsychopharmacology. 676 $a615.78 712 02$aEuropean Behavioural Pharmacology Society, 801 0$bF#A 801 1$bF#A 801 2$bOCL 801 2$bCOU 801 2$bOCLCQ 801 2$bOCL 801 2$bOCLCQ 801 2$bMYG 801 2$bCHS 801 2$bBUF 801 2$bLGG 801 2$bS4S 801 2$bFFQ 801 2$bYUS 801 2$bOCLCQ 801 2$bCOO 801 2$bOCLCO 801 2$bVT2 801 2$bDLC 801 2$bOCLCO 801 2$bOCLCQ 801 2$bOCLCO 801 2$bOCLCF 801 2$bOCLCO 801 2$bOCLCQ 801 2$bNLE 801 2$bAU@ 801 2$bOCLCO 801 2$bUKMGB 801 2$bYOU 801 2$bSFB 801 2$bOCLCQ 801 2$bOCLCO 801 2$bQGK 801 2$bUBY 801 2$bOCLCQ 801 2$bU3W 801 2$bOCLCL 801 2$bUAB 801 2$bKIJ 801 2$bU9X 801 2$bLIP 801 2$bM6U 801 2$bOCLCQ 906 $aJOURNAL 912 $a9910763997803321 996 $aBehavioural pharmacology$91761484 997 $aUNINA